000
00365nam a22001577a 4500
003
MPLRDC
005
20220104114427.0
008
210129b ||||| |||| 00| 0 eng d
082
_a
947.41 LZC c.2
100
_a
黎彰传
245
_a
吐饭曲
_c
260
_a
马来西亚
_b
黎彰传画廊
_c
300
_b
174
650
_a
漫画
942
_c
BK
_o
947.41 LZC c.2
999
_c
7381
_d
7371